[Event "FIDE Grand Swiss 2021"]
[Site "Riga"]
[Date "31.10.2021"]
[Round "5"]
[White "Yakubboev, Nodirbek"]
[Black "Eljanov, Pavel"]
[Result "1/2-1/2"]
[WhiteElo "2621"]
[BlackElo "2691"]

1. e4 e5 2. Nc3 Nf6 3. g3 Bc5 4. Bg2 Nc6 5. d3 d6 6. Na4 Bb6 7. Ne2 Ba5+ 8.
Nac3 Bg4 9. O-O Qd7 10. Bg5 Bxc3 11. bxc3 Ng8 12. f3 Bh3 13. c4 Bxg2 14.
Kxg2 h6 15. Be3 Nge7 16. f4 f5 17. Nc3 O-O 18. Qd2 fxe4 19. Nxe4 Nf5 20.
Rae1 b6 21. Nc3 Rae8 22. Nd5 Nce7 23. fxe5 Nxd5 24. cxd5 dxe5 25. c4 c6 26.
dxc6 Qxc6+ 27. Kg1 e4 28. Rf4 exd3 29. Qxd3 Nxe3 30. Rxe3 Qc5 31. Re4 Rxe4
32. Qxe4 Rc8 33. Qd5+ Qxd5 34. cxd5 Rc1+ 35. Kf2 Rd1 36. Re7 a5 37. Rd7
Rd2+ 38. Ke3 Rxa2 39. Rb7 Kf8 40. Rxb6 Rxh2 1/2-1/2

[Event "FIDE Grand Swiss 2021"]
[Site "Riga"]
[Date "31.10.2021"]
[Round "5"]
[White "Yilmaz, Mustafa"]
[Black "Van Foreest, Jorden"]
[Result "1-0"]
[WhiteElo "2626"]
[BlackElo "2691"]

1. d4 d5 2. c4 e6 3. Nc3 a6 4. cxd5 exd5 5. Bf4 Nf6 6. e3 c5 7. Nf3 Nc6 8.
Be2 c4 9. Ne5 Bd6 10. Nxc6 bxc6 11. Bxd6 Qxd6 12. O-O Bf5 13. b3 cxb3 14.
axb3 a5 15. Qc1 h5 16. Qa3 Ke7 17. Rfc1 Rhb8 18. Na4 Qxa3 19. Rxa3 Bd7 20.
Rca1 Bg4 21. f3 Bf5 22. Bd1 g5 23. Kf2 g4 24. Nc3 gxf3 25. gxf3 Rg8 26. Ne2
h4 27. Nf4 Nh7 28. Rxa5 Rxa5 29. Rxa5 Ng5 30. Ra7+ Kd6 31. Be2 Rb8 32. Bd3
Bd7 33. Bc2 Re8 34. Bd3 Rb8 35. Bc2 Re8 36. Ng2 Nh3+ 37. Kf1 Ng5 38. Kf2
Nh3+ 39. Kf1 Ng5 40. Ke2 Ne6 41. Kf2 Nc7 42. Bd3 Rb8 43. Bc2 Rg8 44. Nf4
Nb5 45. Ra1 Rb8 46. Ng2 Nc7 47. Bd1 Nb5 48. Ra6 Nc7 49. Ra5 Rg8 50. Bc2 Nb5
51. Nxh4 Rh8 52. Kg3 Rg8+ 53. Kf2 Rh8 54. Kg3 Rg8+ 55. Kf4 Rh8 56. Nf5+
Bxf5 57. Bxf5 Rxh2 58. Ra8 Rb2 59. Rf8 Ke7 60. Rc8 Kd6 61. Rd8+ Ke7 62.
Rd7+ Kf8 63. Bg4 Ke8 64. Rb7 Nd6 65. Rc7 Rxb3 66. Rxc6 Nc4 67. Rc8+ Ke7 68.
Rc7+ Ke8 69. Rc8+ Ke7 70. Rc7+ Ke8 71. Bh5 Nxe3 72. Rxf7 Kd8 73. Ke5 Rb1
74. Bg4 Rb6 75. Be6 Nc4+ 76. Kxd5 Rd6+ 77. Kxc4 Rxe6 78. Kd5 Rh6 79. f4 Ke8
80. Ra7 Rh5+ 81. Ke6 Rh6+ 82. Ke5 Rh1 83. f5 Re1+ 84. Kf6 Rd1 85. Ra8+ Kd7
86. Kg7 1-0

[Event "FIDE Grand Swiss 2021"]
[Site "Riga"]
[Date "31.10.2021"]
[Round "5"]
[White "Praggnanandhaa, R"]
[Black "Mamedov, Rauf"]
[Result "1-0"]
[WhiteElo "2618"]
[BlackElo "2673"]

1. e4 c5 2. Nf3 Nc6 3. Bb5 g6 4. O-O Bg7 5. c3 Nf6 6. Re1 O-O 7. h3 Qb6 8.
a4 a6 9. Bc4 e5 10. d3 d6 11. Na3 Rb8 12. Ba2 Qc7 13. Bg5 b5 14. axb5 axb5
15. Nc2 Ne7 16. Ne3 Bb7 17. Qd2 Kh8 18. b4 Nfg8 19. bxc5 dxc5 20. Rab1 Qd7
21. Ng4 f6 22. Bh4 Ra8 23. Rbd1 h5 24. Ne3 Ra6 25. Qe2 Rfa8 26. Bb1 Qe8 27.
d4 c4 28. Qb2 Ra3 29. Bc2 Ra2 30. Qb1 R2a3 31. dxe5 fxe5 32. Qb4 Ra2 33.
Bg3 Nc8 34. Qc5 Qc6 35. Qxc6 Bxc6 36. Nxe5 Nce7 37. f4 Be8 38. Bh4 Nf6 39.
Bb1 Ra1 40. Nc2 R1a6 41. Nb4 Ra1 42. Rd6 Neg8 43. Nd5 g5 44. Nxf6 Nxf6 45.
Bxg5 Nxe4 46. Rxe4 Rxb1+ 47. Kh2 Kh7 48. Re6 Bf8 49. Be7 Bh6 50. Bf6 Rf1
51. Kg3 b4 52. cxb4 c3 53. Re7+ Kg8 54. Rc7 Ra6 55. Bg5 Bxg5 56. fxg5 Re6
57. Rxc3 Rf5 58. Rce3 Rxg5+ 59. Kh2 Rf5 60. Nc4 Rxe4 61. Rxe4 Bd7 62. Re5
Rf4 63. Nb6 Bc6 64. Nd5 1-0

[Event "FIDE Grand Swiss 2021"]
[Site "Riga"]
[Date "31.10.2021"]
[Round "5"]
[White "Anton Guijarro, David"]
[Black "Bjerre, Jonas Buhl"]
[Result "1-0"]
[WhiteElo "2658"]
[BlackElo "2569"]

1. d4 Nf6 2. c4 e6 3. Nf3 d5 4. Nc3 Bb4 5. Qa4+ Nc6 6. a3 Bxc3+ 7. bxc3 Ne4
8. Bf4 O-O 9. e3 Nxc3 10. Qc2 Ne4 11. Bd3 f5 12. h4 Na5 13. cxd5 Qxd5 14.
Qxc7 Bd7 15. O-O Rac8 16. Qe5 Nb3 17. Rab1 Rc3 18. Rfd1 Bc6 19. Rb2 Rc8 20.
h5 h6 21. Nh4 Nf6 22. Be2 Qxe5 23. Bxe5 Bd5 24. Ng6 Kf7 25. Nf4 a6 26. a4
Na5 27. Bxf6 Kxf6 28. Nxd5+ exd5 29. Bf3 Ke6 30. Rdb1 Rc1+ 31. Kh2 Rxb1 32.
Rxb1 Rc7 33. Kg3 Nc4 34. Kf4 Rf7 35. Be2 Rc7 36. Bd3 Nd6 37. Rb6 Rf7 38. f3
Rf8 39. a5 Rf7 40. g3 Rf8 41. g4 fxg4+ 42. Kxg4 Kd7 43. e4 Kc7 44. e5 Nc8
45. Rg6 Rg8 46. Re6 Rd8 47. Bf5 Rf8 48. Rg6 Rf7 49. Bxc8 Kxc8 50. f4 1-0

[Event "FIDE Grand Swiss 2021"]
[Site "Riga"]
[Date "31.10.2021"]
[Round "5"]
[White "Henriquez Villagra, Cristobal"]
[Black "Volokitin, Andrei"]
[Result "0-1"]
[WhiteElo "2608"]
[BlackElo "2652"]

1. d4 Nf6 2. c4 g6 3. Nc3 d5 4. cxd5 Nxd5 5. Bd2 c5 6. Rc1 Nc6 7. dxc5 Bg7
8. Nf3 O-O 9. Qa4 Be6 10. a3 a5 11. Nd1 Qd7 12. e4 Nc7 13. h3 Rfd8 14. Be2
Ba2 15. Nc3 Qe6 16. Nxa2 Qxa2 17. O-O Bxb2 18. Qc2 Qxa3 19. Rb1 Bg7 20.
Rxb7 Ne6 21. Be3 Bd4 22. Bb5 Bxe3 23. Bxc6 Qxc5 24. Qa4 Nd4 25. Nxd4 Bxd4
26. Bd5 Rab8 27. Bxf7+ Kg7 28. Rxb8 Rxb8 29. Bd5 Bxf2+ 30. Kh1 Rf8 31. Qd1
Rf6 32. e5 Rf8 33. Bf3 Bg3 34. e6 Rf6 35. Qe2 a4 36. Qa2 a3 37. Qb3 Bd6 38.
Rd1 Qe5 39. Kg1 Qxe6 40. Qxe6 Rxe6 41. Ra1 Re5 0-1

[Event "FIDE Grand Swiss 2021"]
[Site "Riga"]
[Date "31.10.2021"]
[Round "5"]
[White "Demchenko, Anton"]
[Black "Kollars, Dmitrij"]
[Result "0-1"]
[WhiteElo "2651"]
[BlackElo "2621"]

1. e4 e5 2. Nf3 Nc6 3. Bc4 Nf6 4. d3 Bc5 5. O-O d6 6. c3 a5 7. Nbd2 O-O 8.
h3 h6 9. Re1 Be6 10. Bxe6 fxe6 11. Nb3 Bb6 12. a4 Qe8 13. Be3 Bxe3 14. Rxe3
Qg6 15. Nbd2 Nh5 16. Kh2 Qf7 17. Qb3 Rab8 18. Rf1 Kh8 19. g3 Nf6 20. d4 Nd7
21. Qb5 exd4 22. cxd4 Nb6 23. b3 g5 24. Kg2 Qg7 25. e5 d5 26. Qd3 Nc8 27.
h4 g4 28. Ng1 N8e7 29. Ree1 Qh7 30. Qc3 Rf7 31. Ne2 Rbf8 32. f3 Qg6 33. f4
Nf5 34. Rh1 h5 35. Nf1 Nb4 36. Rd1 b6 37. Ne3 Rc8 38. Nxf5 Qxf5 39. Qd2 c5
40. dxc5 bxc5 41. Nc3 Nc6 42. Nb5 Qe4+ 43. Kh2 Nd4 44. Rhf1 Nf3+ 45. Rxf3
Qxf3 46. Nd6 Rcc7 47. Nxf7+ Rxf7 48. Rc1 Rb7 49. Rc3 Qf1 50. f5 Qxf5 51.
Rxc5 Kh7 52. Qe3 Rf7 53. Qe1 Qd3 54. Kg2 Qxb3 55. Rxa5 Rc7 56. Qf1 Qb2+ 0-1

[Event "FIDE Grand Swiss 2021"]
[Site "Riga"]
[Date "31.10.2021"]
[Round "5"]
[White "Neiksans, Arturs"]
[Black "Bluebaum, Matthias"]
[Result "0-1"]
[WhiteElo "2570"]
[BlackElo "2640"]

1. e4 e6 2. d3 d5 3. Nd2 Nf6 4. Ngf3 Be7 5. g3 a5 6. Bg2 a4 7. a3 c5 8. O-O
Nc6 9. Re1 h6 10. Qe2 O-O 11. e5 Nh7 12. Nf1 Ng5 13. c3 Nxf3+ 14. Qxf3 Bg5
15. Qh5 Bxc1 16. Raxc1 Rb8 17. f4 b5 18. Nd2 Ne7 19. g4 Ng6 20. Rf1 Qh4 21.
Qxh4 Nxh4 22. b4 axb3 23. Nxb3 c4 24. Nc5 cxd3 25. Rf2 Ra8 26. Ra1 Ra7 27.
Nxd3 Rc7 28. Rc1 Bd7 29. Nb4 Rfc8 30. Bf1 Ra7 31. Bd3 Rxa3 32. Rfc2 Ng6 33.
Bxg6 fxg6 34. f5 gxf5 35. gxf5 exf5 36. Nxd5 Rc5 37. Rd2 Be6 38. Nf4 Rxe5
39. Nxe6 Rxe6 40. Rd5 f4 41. Rxb5 Ra2 42. Rf5 Rg6+ 43. Kh1 Rgg2 44. Rxf4
Rxh2+ 45. Kg1 h5 46. c4 Kh7 47. Rf8 h4 48. Rc3 Rag2+ 49. Kf1 Rc2 50. Rxc2
Rxc2 51. Rc8 h3 52. Kg1 g5 53. Rd8 Kg6 54. c5 g4 55. c6 Rxc6 56. Kh2 Rc2+
0-1

[Event "FIDE Grand Swiss 2021"]
[Site "Riga"]
[Date "31.10.2021"]
[Round "5"]
[White "Kuybokarov, Temur"]
[Black "Matlakov, Maxim"]
[Result "1/2-1/2"]
[WhiteElo "2549"]
[BlackElo "2682"]

1. e4 c5 2. Nf3 d6 3. d4 cxd4 4. Nxd4 Nf6 5. Nc3 a6 6. Bg5 e6 7. f4 Qb6 8.
Qd2 Qxb2 9. Rb1 Qa3 10. f5 Nc6 11. fxe6 Bxe6 12. Rxb7 Nxd4 13. Qxd4 Be7 14.
Bc4 Rc8 15. Bxe6 fxe6 16. Bd2 Qc5 17. Qxc5 Rxc5 18. Ke2 Kf7 19. Rhb1 Rhc8
20. R1b3 Rc4 21. Ra7 Nxe4 22. Nxe4 Rxe4+ 23. Kf3 Re5 24. Rbb7 Rf5+ 25. Ke2
Re8 26. Rxa6 Re5+ 27. Kd3 Rd5+ 28. Ke2 Re5+ 29. Kd3 Rd5+ 30. Ke2 Re5+
1/2-1/2

[Event "FIDE Grand Swiss 2021"]
[Site "Riga"]
[Date "31.10.2021"]
[Round "5"]
[White "Gelfand, Boris"]
[Black "Zvjaginsev, Vadim"]
[Result "1/2-1/2"]
[WhiteElo "2680"]
[BlackElo "2609"]

1. d4 Nf6 2. c4 c5 3. d5 d6 4. Nc3 g6 5. e4 Bg7 6. Be2 O-O 7. Nf3 e6 8. O-O
Re8 9. h3 h6 10. Bf4 exd5 11. exd5 g5 12. Bh2 Na6 13. Nb5 Bf8 14. Re1 Nc7
15. Nc3 Bf5 16. Bd3 Qd7 17. Qc2 Bxd3 18. Qxd3 Rxe1+ 19. Nxe1 Rb8 20. Nc2 b5
21. Ne3 bxc4 22. Nxc4 Nb5 23. Nxb5 Qxb5 24. Rd1 Qa6 25. a3 Nd7 26. h4 Nb6
27. Nxd6 Qxd3 28. Rxd3 Rd8 29. Ne4 f5 30. Nf6+ Kf7 31. hxg5 c4 32. Rd1 Bd6
33. Bxd6 Rxd6 34. f4 1/2-1/2

[Event "FIDE Grand Swiss 2021"]
[Site "Riga"]
[Date "31.10.2021"]
[Round "5"]
[White "Ivic, Velimir"]
[Black "Cheparinov, Ivan"]
[Result "1-0"]
[WhiteElo "2606"]
[BlackElo "2659"]

1. e4 c5 2. Nf3 d6 3. d4 cxd4 4. Nxd4 Nf6 5. Nc3 a6 6. Rg1 b5 7. a4 b4 8.
Nd5 Nxd5 9. exd5 Bb7 10. Nf5 Qc7 11. Ne3 Nd7 12. a5 Nf6 13. Qd4 Qc5 14.
Qxc5 dxc5 15. Bc4 O-O-O 16. b3 g6 17. g4 Ne4 18. Bb2 Bh6 19. Bxh8 Rxh8 20.
Rd1 Bf4 21. h4 Be5 22. f3 Nc3 23. Rd3 h5 24. gxh5 Rxh5 25. Rg5 Rxg5 26.
hxg5 Bd4 27. f4 Kd7 28. Ng4 Nxd5 29. Ne5+ Kc7 30. Bxd5 Bxd5 31. Rh3 Kd6 32.
Rh8 Ke6 33. Rc8 f6 34. Nxg6 fxg5 35. fxg5 Be4 36. Nf8+ Kf5 37. Kd2 Bd5 38.
Nd7 Be6 39. Rc7 c4 40. bxc4 Kxg5 41. Nb8 Bc3+ 42. Kc1 1-0

[Event "FIDE Grand Swiss 2021"]
[Site "Riga"]
[Date "31.10.2021"]
[Round "5"]
[White "Jumabayev, Rinat"]
[Black "Onyshchuk, Volodymyr"]
[Result "0-1"]
[WhiteElo "2658"]
[BlackElo "2622"]

1. e4 d6 2. d4 g6 3. Nc3 Bg7 4. Be3 c6 5. Qd2 Nd7 6. Nf3 h6 7. h3 a6 8. a4
e6 9. a5 Ne7 10. Bd3 g5 11. h4 g4 12. Nh2 h5 13. Nf1 c5 14. dxc5 dxc5 15.
f4 gxf3 16. gxf3 Nc6 17. f4 Nd4 18. Qg2 Nf6 19. e5 Ng4 20. Ne4 Bf8 21. Bxd4
cxd4 22. Nfg3 f5 23. exf6 Qd5 24. Rg1 e5 25. f5 Ne3 26. Qf3 Bd7 27. Nxh5
O-O-O 28. Rg5 Bh6 29. f7 Bxg5 30. hxg5 Bxf5 31. Nd6+ Qxd6 32. Bxf5+ Kb8 33.
g6 Qb4+ 34. Ke2 Qxb2 35. Re1 Nxf5 36. Qxf5 d3+ 37. Kf3 dxc2 38. g7 Qc3+ 39.
Kg4 Qxe1 40. gxh8=Q Qd1+ 41. Kh3 Qh1+ 42. Kg4 Qg1+ 43. Kh3 Rxh8 44. Qxe5+
Ka7 45. Qxh8 c1=Q 46. f8=Q Qce3+ 0-1

[Event "FIDE Grand Swiss 2021"]
[Site "Riga"]
[Date "31.10.2021"]
[Round "5"]
[White "Sadhwani, Raunak"]
[Black "Rakhmanov, Aleksandr"]
[Result "1-0"]
[WhiteElo "2609"]
[BlackElo "2657"]

1. Nf3 Nf6 2. c4 g6 3. Nc3 Bg7 4. e4 O-O 5. d4 c6 6. Be2 d5 7. e5 Ne4 8.
O-O Nxc3 9. bxc3 dxc4 10. Bxc4 c5 11. dxc5 Qxd1 12. Rxd1 Nc6 13. Bd5 Rd8
14. Bf4 Bf5 15. Rd2 h6 16. Rad1 g5 17. Bg3 e6 18. Bxc6 Rxd2 19. Nxd2 bxc6
20. Nc4 Rb8 21. f3 Bf8 22. Bf2 Bc2 23. Rc1 Ba4 24. g4 Rb5 25. Nd6 Rb2 26.
h4 Bc2 27. hxg5 Rxa2 28. Be3 hxg5 29. Bxg5 Bh7 30. Rd1 a5 31. Bf6 Rb2 32.
Rd4 Bc2 33. Nc4 Rb8 34. Rd2 Bxc5+ 35. Kg2 Bg6 36. Nxa5 Rc8 37. Rd6 Bc2 38.
Nb7 Be3 39. Kg3 c5 40. Rd7 Ra8 41. Nd8 Ra1 42. Rxf7 Bb3 43. Rg7+ Kf8 44.
Rh7 Ke8 45. Nb7 Rg1+ 46. Kh2 1-0

[Event "FIDE Grand Swiss 2021"]
[Site "Riga"]
[Date "31.10.2021"]
[Round "5"]
[White "Cori, Jorge"]
[Black "Sethuraman, S.P."]
[Result "1/2-1/2"]
[WhiteElo "2655"]
[BlackElo "2620"]

1. d4 d5 2. c4 e6 3. Nf3 Nf6 4. Nc3 Bb4 5. e3 O-O 6. Bd2 b6 7. cxd5 exd5 8.
a3 Bd6 9. Nb5 Be7 10. Rc1 c5 11. Be2 Bb7 12. O-O Ne4 13. dxc5 bxc5 14. Qc2
Nd7 15. Rfd1 Nxd2 16. Rxd2 Nf6 17. Nc3 Qb6 18. Na4 Qa5 19. Nxc5 Qxc5 20.
Qxc5 Bxc5 21. Rxc5 Ne4 22. Rcc2 Nxd2 23. Rxd2 Rac8 24. Nd4 Rc1+ 25. Bd1 g6
26. h4 h5 27. Kh2 Rd8 28. Kg3 Kg7 29. a4 Kf6 30. b4 Rdc8 31. a5 Rb1 32. b5
a6 33. Be2 axb5 34. Bxb5 Ra1 35. Rb2 Rxa5 36. Be2 Rc7 37. Kf4 Kg7 38. g4
hxg4 1/2-1/2

[Event "FIDE Grand Swiss 2021"]
[Site "Riga"]
[Date "31.10.2021"]
[Round "5"]
[White "Niemann, Hans Moke"]
[Black "Ter-Sahakyan, Samvel"]
[Result "1/2-1/2"]
[WhiteElo "2638"]
[BlackElo "2607"]

1. d4 Nf6 2. c4 e6 3. Nc3 Bb4 4. Qc2 d5 5. a3 Bxc3+ 6. Qxc3 O-O 7. Nf3 b6
8. Bg5 Nbd7 9. cxd5 exd5 10. Qc6 Ba6 11. Rc1 Re8 12. Bxf6 Nxf6 13. Ne5 h5
14. g3 Ng4 15. Nxg4 hxg4 16. e3 Bxf1 17. Kxf1 Rc8 18. h3 Re6 19. Qb7 Rh6
20. Kg2 gxh3+ 21. Rxh3 Rxh3 22. Kxh3 c5 23. dxc5 Rc7 24. Qa6 bxc5 25. Qb5
Qc8+ 26. Kg2 a6 27. Qa5 Rc6 28. Rh1 Qa8 29. Rh5 d4 30. e4 Qe8 31. f3 Qb8
32. b3 Qc7 33. Qa4 Qb6 34. Rd5 c4 35. bxc4 Qb2+ 36. Kh3 Rh6+ 37. Kg4 Rg6+
38. Rg5 Rxg5+ 39. Kxg5 d3 40. Kg4 Qe5 41. c5 d2 42. Qd1 Qe6+ 43. Kf4 Qh6+
44. Kg4 Qe3 45. c6 Qe1 46. c7 Qxd1 47. c8=Q+ Kh7 48. Qf5+ Kg8 1/2-1/2

[Event "FIDE Grand Swiss 2021"]
[Site "Riga"]
[Date "31.10.2021"]
[Round "5"]
[White "Adly, Ahmed"]
[Black "Shevchenko, Kirill"]
[Result "0-1"]
[WhiteElo "2602"]
[BlackElo "2632"]

1. Nf3 Nf6 2. d4 g6 3. c4 Bg7 4. g3 O-O 5. Bg2 d5 6. cxd5 Nxd5 7. O-O Nc6
8. e3 Nb6 9. Nc3 Re8 10. Re1 a5 11. h3 a4 12. Nh2 Ra5 13. Rb1 Bd7 14. b4
axb3 15. axb3 Bf5 16. b4 Ra8 17. Rb3 Be6 18. Rb1 Bf5 19. b5 Bxb1 20. bxc6
Bf5 21. cxb7 Ra7 22. Ng4 Qd7 23. Qb3 Rb8 24. Ne4 Qa4 25. Nc5 Qxb3 26. Nxb3
Nd7 27. Nh2 Bc2 28. Nd2 Ra6 29. Bb2 c5 30. Rc1 Ba4 31. dxc5 Bxb2 32. c6
Bxc6 33. Rxc6 Rxc6 34. Bxc6 Nc5 35. Nc4 Nxb7 36. Nxb2 Na5 37. Bd5 Rxb2 38.
Nf3 e6 39. Be4 Nb3 40. Ne5 Nc5 41. Bc6 f6 42. Nd7 Nxd7 43. Bxd7 Rb6 44. h4
Kf7 45. Kf1 Ke7 46. Ba4 Kd6 47. Bc2 f5 48. Ke1 Kc5 49. Bd3 Kb4 50. Kd2 Rd6
51. Kc2 e5 52. Be2 e4 53. Bf1 Rd5 54. Be2 Rd7 55. Bf1 Rd6 56. Be2 Kc5 57.
Kc3 Kc6 58. Bc4 Kd7 59. Bg8 Ke7 60. Bxh7 Kf6 61. Bg8 Rd1 62. Bc4 Rc1+ 63.
Kd4 Rc2 64. g4 Rd2+ 0-1

[Event "FIDE Grand Swiss 2021"]
[Site "Riga"]
[Date "31.10.2021"]
[Round "5"]
[White "Durarbayli, Vasif"]
[Black "Jobava, Baadur"]
[Result "0-1"]
[WhiteElo "2629"]
[BlackElo "2582"]

1. e4 e5 2. Nf3 Nc6 3. Bb5 a6 4. Ba4 b5 5. Bb3 Na5 6. d4 exd4 7. Qxd4 Bb7
8. Nc3 d6 9. Bg5 f6 10. Bxg8 Rxg8 11. Bd2 Nc4 12. O-O-O g6 13. Nd5 Bg7 14.
Bc3 Kf7 15. h4 c6 16. Ne3 c5 17. Qd3 Nxe3 18. Qxe3 Re8 19. Qf4 Kg8 20. Rxd6
Bh6 21. Qxh6 Qxd6 22. h5 Bxe4 23. hxg6 Bxg6 24. Nh4 Qf8 25. Qf4 Re4 26. Qg3
Qh6+ 27. Bd2 Qh5 28. f3 Rc4 29. c3 Rd8 30. Qc7 Qd5 31. Bh6 Rd7 32. Qb8+ Rd8
33. Nxg6 hxg6 34. Qc7 Qd7 35. Qh2 Qh7 36. g3 g5 37. Qe2 Qf7 38. Bxg5 Ra4
39. Qh2 Qg7 40. Bh6 Qh7 41. b3 Ra3 42. Qh5 Rxa2 43. Qg4+ Kf7 44. Qh5+ Qg6
0-1

[Event "FIDE Grand Swiss 2021"]
[Site "Riga"]
[Date "31.10.2021"]
[Round "5"]
[White "Zhou, Jianchao"]
[Black "Sindarov, Javokhir"]
[Result "1/2-1/2"]
[WhiteElo "2629"]
[BlackElo "2587"]

1. d4 Nf6 2. c4 g6 3. Nc3 d5 4. Nf3 Bg7 5. h4 dxc4 6. e4 c5 7. d5 b5 8. h5
O-O 9. hxg6 fxg6 10. Rh4 a6 11. e5 Ng4 12. d6 Nxe5 13. Qd5+ e6 14. Qxa8
Nxf3+ 15. gxf3 Qxh4 16. Qxb8 Bd4 17. Nd1 Qh1 18. Qa8 e5 19. Qd5+ Rf7 20.
Qa8 Rf8 21. Qd5+ Rf7 22. Qa8 Rf8 1/2-1/2

[Event "FIDE Grand Swiss 2021"]
[Site "Riga"]
[Date "31.10.2021"]
[Round "5"]
[White "Pichot, Alan"]
[Black "Georgiev, Kiril"]
[Result "1-0"]
[WhiteElo "2628"]
[BlackElo "2577"]

1. e4 e5 2. Nf3 Nf6 3. Nxe5 d6 4. Nf3 Nxe4 5. d4 d5 6. Bd3 Be7 7. O-O Nc6
8. Nbd2 Bf5 9. Re1 Nxd2 10. Qxd2 Bxd3 11. Qxd3 O-O 12. Qf5 Bf6 13. c3 Ne7
14. Qh3 Ng6 15. Bd2 Qc8 16. g4 Qd7 17. Kg2 Rae8 18. Rxe8 Rxe8 19. g5 Qxh3+
20. Kxh3 Bd8 21. Re1 Rxe1 22. Nxe1 f5 23. gxf6 Bxf6 24. Nd3 Kf7 25. Kg4 c6
26. f4 Ne7 27. f5 h5+ 28. Kxh5 Nxf5 29. Bf4 g6+ 30. Kg4 Be7 31. Ne5+ Kg7
32. Bg5 Bd6 33. h4 Ne7 34. c4 Nf5 35. cxd5 Bxe5 36. dxe5 cxd5 37. e6 Nd4
38. Kf4 Nc6 39. a3 a6 40. b3 1-0

[Event "FIDE Grand Swiss 2021"]
[Site "Riga"]
[Date "31.10.2021"]
[Round "5"]
[White "Bartel, Mateusz"]
[Black "Movsesian, Sergei"]
[Result "1/2-1/2"]
[WhiteElo "2597"]
[BlackElo "2627"]

1. e4 c5 2. Nf3 e6 3. d4 cxd4 4. Nxd4 Nc6 5. Nc3 Qc7 6. Be3 a6 7. g4 b5 8.
Nxc6 Qxc6 9. Qd2 b4 10. Ne2 Qxe4 11. Rg1 Qc4 12. Nf4 Qc7 13. O-O-O Nf6 14.
Bg2 Bb7 15. Bxb7 Qxb7 16. f3 d6 17. Qe2 Qb5 18. Qxb5+ axb5 19. Kb1 Nd7 20.
Nd3 Ne5 21. Nxe5 dxe5 22. Rge1 f6 23. Rd3 Be7 24. Bd2 Kf7 25. Re4 Rhd8 26.
g5 Rd5 27. gxf6 gxf6 28. Rh4 Rg8 29. Rxh7+ Ke8 30. Be3 Rg2 31. Kc1 f5 32.
Rh5 f4 33. Ba7 e4 34. Rdxd5 exd5 35. Kd1 exf3 36. Rf5 Bd6 37. Rxd5 Bb8 38.
Bc5 Rxh2 39. Rd3 Rh1+ 40. Kd2 Rh2+ 41. Kd1 Rh5 42. Bf2 Rh3 43. Ke1 Be5 44.
Bd4 Bd6 45. Kf2 Ke7 46. c3 bxc3 47. Rxc3 Ke6 48. Rxf3 Rh2+ 49. Kg1 Rc2 50.
Rf2 Rc4 51. Bb6 Rc6 52. Re2+ Kf5 53. Bd4 Rc4 54. Bb6 Be5 55. Kg2 Rc6 56.
Bf2 Rd6 57. Bc5 Rd5 58. Bb6 Rd1 59. b3 Rd3 60. Kf2 Rh3 61. Re1 Rh6 62. Bc5
Rc6 63. Bb4 Bd4+ 64. Kf3 Rh6 65. Re8 Rh3+ 66. Ke2 f3+ 67. Kd3 Ba7 68. Rf8+
Ke6 69. Re8+ Kd5 70. Rd8+ Kc6 71. Rd6+ Kc7 72. Rf6 f2+ 73. Ke2 Re3+ 74. Kf1
Re4 75. Rf7+ Kb8 76. Rf8+ Kb7 77. Rf7+ Ka6 78. Rf6+ Kb7 79. Rf7+ 1/2-1/2

[Event "FIDE Grand Swiss 2021"]
[Site "Riga"]
[Date "31.10.2021"]
[Round "5"]
[White "Van Foreest, Lucas"]
[Black "Kravtsiv, Martyn"]
[Result "1/2-1/2"]
[WhiteElo "2543"]
[BlackElo "2625"]

1. d4 d5 2. c4 e6 3. Nc3 Nf6 4. cxd5 Nxd5 5. e4 Nxc3 6. bxc3 c5 7. Nf3 cxd4
8. cxd4 Bb4+ 9. Bd2 Bxd2+ 10. Qxd2 O-O 11. Bc4 Nd7 12. O-O b6 13. Rad1 Bb7
14. Rfe1 Rc8 15. Bb3 Qf6 16. d5 Nc5 17. Bc2 exd5 18. e5 Qe7 19. Nd4 Ne4 20.
Qf4 g6 21. Bxe4 dxe4 22. Nf5 gxf5 23. Rd7 Qxd7 24. Qg5+ Kh8 25. Qf6+ Kg8
26. Qg5+ Kh8 27. Qf6+ Kg8 28. Qg5+ Kh8 29. Qf6+ Kg8 30. Qg5+ Kh8 1/2-1/2

[Event "FIDE Grand Swiss 2021"]
[Site "Riga"]
[Date "31.10.2021"]
[Round "5"]
[White "Paravyan, David"]
[Black "Nguyen, Thai Dai Van"]
[Result "1/2-1/2"]
[WhiteElo "2642"]
[BlackElo "2577"]

1. d4 d5 2. Nf3 Nf6 3. e3 c5 4. Be2 Nc6 5. O-O Bg4 6. h3 Bxf3 7. Bxf3 e6 8.
dxc5 Bxc5 9. c4 Ne5 10. Nc3 Nxc4 11. e4 Ne5 12. exd5 Nxf3+ 13. Qxf3 Nxd5
14. Rd1 O-O 15. Nxd5 exd5 16. Rxd5 Qb6 17. Bf4 Rad8 18. Rad1 Rxd5 19. Rxd5
Qc6 20. Be5 Be7 21. Bc3 Rd8 22. Qg3 f6 23. Rxd8+ Bxd8 24. Qb8 Qb6 25. h4 a6
26. Qc8 Qc7 27. Qf5 Qc6 28. h5 Be7 29. g3 h6 30. Bd4 Kf7 31. Be3 Qe6 32.
Qf3 Qxa2 33. Qxb7 Qa5 34. Qb3+ Kf8 35. Qd1 Qb5 36. b3 Kf7 37. Kg2 f5 38.
Qf3 Bf6 39. b4 Qd3 40. Qb7+ Kg8 41. Kh2 Qc4 42. Qd7 Qg4 43. Qe6+ Kh7 44.
Kg2 Bc3 45. Bc5 Qe4+ 46. Qxe4 fxe4 47. Kf1 g6 48. Ke2 gxh5 49. Ke3 Bf6 50.
Kxe4 h4 51. gxh4 1/2-1/2

[Event "FIDE Grand Swiss 2021"]
[Site "Riga"]
[Date "31.10.2021"]
[Round "5"]
[White "Miezis, Normunds"]
[Black "Martirosyan, Haik M."]
[Result "0-1"]
[WhiteElo "2467"]
[BlackElo "2624"]

1. c4 e5 2. g3 Nf6 3. Bg2 d5 4. cxd5 Nxd5 5. Nc3 Nb6 6. Nf3 Nc6 7. O-O Be7
8. d3 O-O 9. a3 Be6 10. b4 a5 11. b5 Nd4 12. Rb1 f6 13. Nd2 Qc8 14. e3 Nf5
15. Qc2 Rd8 16. Nce4 Bd5 17. Nc4 Qe6 18. Bh3 Qd7 19. f4 exf4 20. Rxf4 Be6
21. Nf2 Nd6 22. Bg2 Nd5 23. Rh4 Nxb5 24. a4 Nb4 25. Qb2 Nd6 26. Nxa5 Nxd3
27. Nxd3 Rxa5 28. Qc2 Nf5 29. Re4 Qxd3 30. Qxd3 Rxd3 31. Rxe6 Kf7 32. Re4
Rd1+ 33. Kf2 Rc5 34. Bh3 Nd6 35. Be6+ Kf8 36. Rh4 Rc2+ 37. Kf3 Rf1+ 38. Kg4
f5+ 39. Bxf5 Nxf5 0-1

[Event "FIDE Grand Swiss 2021"]
[Site "Riga"]
[Date "31.10.2021"]
[Round "5"]
[White "Antipov, Mikhail Al."]
[Black "Morovic Fernandez, Ivan"]
[Result "1-0"]
[WhiteElo "2619"]
[BlackElo "2510"]

1. e4 c5 2. Nf3 e6 3. b3 b6 4. Bb2 Bb7 5. Nc3 Nc6 6. d4 cxd4 7. Nxd4 Nf6 8.
Nxc6 Bxc6 9. Bd3 Bb4 10. Qf3 Qb8 11. O-O-O Bd6 12. g3 Be5 13. Qe3 Ng4 14.
Qe2 Nf6 15. f4 Bd4 16. Kb1 O-O 17. e5 Bxc3 18. exf6 Bxb2 19. Kxb2 gxf6 20.
Qg4+ Kh8 21. Qh4 f5 22. Qf6+ Kg8 23. g4 Qd8 24. Qh6 f6 25. gxf5 Qe7 26.
Rhe1 Bd5 27. fxe6 dxe6 28. Bxh7+ 1-0

[Event "FIDE Grand Swiss 2021"]
[Site "Riga"]
[Date "31.10.2021"]
[Round "5"]
[White "Ganguly, Surya Shekhar"]
[Black "Budisavljevic, Luka"]
[Result "1-0"]
[WhiteElo "2617"]
[BlackElo "2508"]

1. e4 c5 2. Nf3 a6 3. Nc3 e6 4. Be2 Qc7 5. O-O Nc6 6. d4 cxd4 7. Nxd4 Nf6
8. Be3 Be7 9. f4 d6 10. a4 O-O 11. Kh1 Nxd4 12. Qxd4 Bd7 13. e5 Ne8 14. Ne4
Bc6 15. Bf3 Rd8 16. c4 dxe5 17. Qxe5 Qxe5 18. fxe5 f6 19. Bb6 Rc8 20. b3
Kh8 21. Bd4 f5 22. Nc3 Bxf3 23. gxf3 Nc7 24. Rfd1 Na8 25. a5 Bb4 26. Na4
Rfe8 27. Bb6 Nxb6 28. axb6 Red8 29. c5 Kg8 30. Rxd8+ Rxd8 31. Rc1 Rc8 32.
c6 bxc6 33. Rxc6 Rb8 34. Rxe6 Kf7 35. Rc6 Ba5 36. f4 Ke7 37. Kg2 Rb7 38. b4
Bxb4 39. Rc7+ Rxc7 40. bxc7 Kd7 41. Nb6+ Kxc7 42. Nd5+ Kd7 43. Nxb4 a5 44.
Nd3 Kc6 45. e6 Kd6 46. Nc5 Ke7 47. Kf3 h6 48. h4 g6 49. Ke3 a4 50. Kd4 Kd6
51. Nxa4 Kxe6 52. Nc5+ Kf6 53. Nd7+ Ke6 54. Ne5 Kf6 55. Nf3 Ke6 1-0